000 00739cam a2200241 a 4500
005 20250331191046.0
007 ta
008 030224s2003 ck a gr 000 0 spa
015 _ack-2003-xxxx
020 _a9583342726
040 _aCO-CtgCURN
_bspa
_ccoctgcurn
041 0 _aspa
043 _as-ck---
082 0 4 _a904.5
_bW667
_220
100 1 _aWilches-Chaux, Gustavo,
_d1954-
245 1 0 _aDel suelo al cielo (ida y regreso) /
_cGustavo Wilches-Chaux.
260 _aBogotá :
_bDGPAD,
_c2003.
300 _a172 p. :
_bil. ;
_c24 cm.
650 1 4 _aDesastres naturales
_xPrevención.
650 1 4 _aEducación ambiental.
942 _2ddc
_cBK
_h904.5
_iW667
999 _c26000
_d26000